04935nam a2200649 a 450000500170000000800410001702000080005804100080006609200200007410000360009424501230013025000600025326000480031330000160036150001730037765300550055065300860060565301220069165300510081365300480086465300580091265300650097065300780103565300380111365300330115165300780118465300670126265300760132965300660140565301010147165300840157265301170165665302080177365301270198165300520210865300670216065300570222765300590228465300650234365300780240865301000248665300830258665301010266965301000277065300620287065300990293270000300303193000090306194200120307099900150308295201980309795201980329595201980349395201980369195201980388995201980408720240807102748.0100707s2017||||sp d f |||| 00| 0 spa d aS/N aspa c616.89l10sCAR1 aCarvalho, André F.eEd.94177 aTratamiento del trastorno bipolar.bEstrategias clínicas integradoras y orientaciones futuras /cAndré F. Carvalho a1a ed.bEdición en español por HS Pharma Solutions  aNew York: bOxford University Press;c2017. a473 p.bil. aCarvalho, A. F. y Vieta, E. (Eds.). (2017). Tratamiento del trastorno bipolar. Estrategias clínicas integradoras y orientaciones futuras. (1a ed.). New York : Oxford. aClasificación actual de los trastornos bipolares5 a¿Los trastornos bipolares deberian modelarse de manera dimensional o categorial?3 aEl tratamiento del trastorno bipolar en sus primeros estadios: técnicas actuales, desafíos y perspectivas futuras aTratamiento de la mania basado en la evidencia aTratamiento de los estados mixtos bipolares aTratamiento del trastorno bipolar en ciclado rápido aTratamiento basado en la evidencia de la depresión bipolar aTratamiento de mantenimiento basado en la evidencia del trastorno bipolar aTratamiento del trastorno bipolar aTratamiento de la ciclotimia aIntervenciones psicológicas en el trastorno bipolar en estadio temprano aIntervenciones psicoterapéuticas para el tratamiento bipolar3 aEl papel de la psicoeducación en el tratamiento del trastorno bipolar aTerapia de recuperación funcional para el trastorno bipolar aPolaridad predominante, polaridad índice y selección del tratamiento en el trastorno bipolar3 aLa evaluación y el tratamiento del riesgo de suicidio en el trastorno bipolar aImplicancias del tratamiento del trastorno bipolar concurrente con síndromes de ansiedad y abuso de sustancias3 aEl impacto de la comorbilidad psiquiátrica en el tratamiento del trastorno bipolar: enfoque en el trastorno por déficit de atención con hiperactividad y trastornos de la alimentación concurrentes aRelaciones bidireccionales entre entidades médicas generales y el trastorno bipolar: consideraciones para el tratamiento3 aEl tratamiento del trastorno bipolar en mujeres3 aEl tratamiento del trastorno bipolar en niños y adolescentes3 aEl tratamiento del trastorno bipolar en los ancianos aManejo del trastorno bipolar resistente al tratamiento aEstadificación y neuroprogresión en el trastorno bipolar aFarmacoloterapia del trastorno bipolar: impacto sobre la neurocognición aMejoría cognitiva en el trastorno bipolar, evidencia actual y consideraciones metodológicas3 aEl rol de la terapia electroconvulsiva en el tratamiento del trastorno bipolar aAbordajes neuromoduladores para el trastorno bipolar: evidencias actuales y perspectivas futuras3 aEl rol de las terapias complementarias y alternativas para el tratamiento del trastorno bipolar aNuevos objetivos terapéuticos para el trastorno bipolar3 aEl tratamiento del trastorno bipolar en la era de la medicina personalizada: ¿mito o promesa?1 aVieta, EduardoeEd.94178 a1235 2ddccBK c3186d3186 00102ddc4070aBFMbBFMcCRd2024-02-20eDonación Laboratorio Montpellier Octubre 2022l0o616.89p4795r2024-02-20tEj. 1w2024-02-20yBKzDonación Laboratorio Montpellier Octubre 2022f 00102ddc4070aBFMbBFMcCRd2024-02-20eDonación Laboratorio Montpellier Octubre 2022l0o616.89p4796r2024-02-20tEj. 2w2024-02-20yBKzDonación Laboratorio Montpellier Octubre 2022f 00102ddc4070aBFMbBFMcCRd2024-02-20eDonación Laboratorio Montpellier Octubre 2022l0o616.89p4797r2024-02-20tEj. 3w2024-02-20yBKzDonación Laboratorio Montpellier Octubre 2022f 00102ddc4070aBFMbBFMcCRd2024-02-20eDonación Laboratorio Montpellier Octubre 2022l0o616.89p4798r2024-02-20tEj. 4w2024-02-20yBKzDonación Laboratorio Montpellier Octubre 2022f 00102ddc4070aBFMbBFMcCRd2024-02-20eDonación Laboratorio Montpellier Octubre 2022l0o616.89p4799r2024-02-20tEj. 5w2024-02-20yBKzDonación Laboratorio Montpellier Octubre 2022f 00102ddc4070aBFMbBFMcCRd2024-02-20eDonación Laboratorio Montpellier Octubre 2022l0o616.89p4800r2024-02-20tEj. 6w2024-02-20yBKzDonación Laboratorio Montpellier Octubre 2022f